000 00593nam a2200241Ia 4500
003 OSt
005 20220918191851.0
006 a|||||r|||| 00| 0
007 ta
008 220917b |||||||| |||| 00| 0 eng d
024 _a65,503
037 _cTextual
040 _aARTS
_cARTS
_beng
041 _2eng
_aeng
082 _aQ851:1, J2
100 _aWarner Rex
_977419
245 0 _aMen and Gods
260 _c1952
490 _aNew windmill series ,ed by Ian Serraillier
650 _aRELIGION
942 _hQ851:1, J2
_cTEXL
_2CC
999 _c191746
_d191746